Tracklist - ? By XXXTentacion - Statistics

General Stats
  • This quiz has been taken 5 times
  • The average score is 15 of 23
Answer Stats
Features Answer % Correct
Matt Ox $$$
100%
Going Down!
100%
Hope
100%
Rio Santana, Judah, Carlos Andrez I don't even speak spanish lol
100%
Joey Bada$$ infinity (888)
100%
Introduction (Instructions)
100%
Moonlight
100%
Travis Barker Pain = BESTFRIEND
100%
SAD!
100%
schizophrenia
100%
PnB Rock SMASH!
100%
Alone, Part 3
67%
before i close my eyes
67%
changes
67%
Floor 555
67%
The Remedy for a Broken Heart (Why Am I So in Love)
67%
NUMB
33%
Hope - Freestyle
0%
Jah on drums
0%
love yourself (interlude)
0%
Yoko Shimomura Nocturne (A Tribute to XXXTENTACION)
0%
NUMB - Acoustic
0%
Rico Nasty #PROUDCATOWNERREMIX
0%
No matching quizzes found
Score Distribution
Percent of People with Each Score
Percentile by Number Answered
Your Score History
You have not taken this quiz